UBT Library

The improvement of the administration of justice / (Record no. 39822)

000 -LEADER
fixed length control field 00899cam a2200253 i 4500
001 - CONTROL NUMBER
control field 19157373
005 - DATE AND TIME OF LATEST TRANSACTION
control field 20180109033526.0
008 - FIXED-LENGTH DATA ELEMENTS--GENERAL INFORMATION
fixed length control field 160629s2016 ilua b 000 0 eng
010 ## - LIBRARY OF CONGRESS CONTROL NUMBER
LC control number 2016030519
020 ## - INTERNATIONAL STANDARD BOOK NUMBER
International Standard Book Number 9781634254908 (print : alk. paper)
040 ## - CATALOGING SOURCE
Original cataloging agency DLC
Language of cataloging eng
Transcribing agency DLC
Description conventions rda
Modifying agency DLC
041 ## - LANGUAGE CODE
Language code of text/sound track or separate title eng
042 ## - AUTHENTICATION CODE
Authentication code pcc
043 ## - GEOGRAPHIC AREA CODE
Geographic area code n-us---
080 ## - UNIVERSAL DECIMAL CLASSIFICATION NUMBER
Universal Decimal Classification number 347.73 FRA
082 00 - DEWEY DECIMAL CLASSIFICATION NUMBER
Classification number 347.73 FRA
Edition number 23
100 ## - Rafti
Rafti 13
101 ## - Shkurtesa
Shkurtesa JUR
245 04 - TITLE STATEMENT
Title The improvement of the administration of justice /
Statement of responsibility, etc Peter Koelling, editor ; in collaboration with the Judicial Division Lawyers Conference Handbook Committee.
504 ## - BIBLIOGRAPHY, ETC. NOTE
Bibliography, etc Includes bibliographical references.
906 ## - LOCAL DATA ELEMENT F, LDF (RLIN)
a 7
b cbc
c orignew
d 1
e ecip
f 20
g y-gencatlg
942 ## - ADDED ENTRY ELEMENTS (KOHA)
Source of classification or shelving scheme
Item type Books
Holdings
Withdrawn status Lost status Source of classification or shelving scheme Damaged status Not for loan Permanent location Current location Date acquired Total Checkouts Full call number Barcode Date last seen Price effective from Koha item type
          UBT - Lipjan UBT - Lipjan 01/09/2018   347.73 FRA 002-2994995 01/09/2018 01/09/2018 Books
UBT Library © 2015-2024. All rights reserved University Education for Business and Technology